000
00277nam a22001337a 4500
082
_a
823
_b
ANN/A
100
_a
ANN
245
_a
ALI BABA AND THE FORTY THIEVES
250
_a
1
260
_a
THRISSUR
_b
H&C
300
_a
64
650
_a
ENGLISH SHORT STORY
_z
KERALA
942
_c
BK
999
_c
3487
_d
3487